The captain underpants extra-crunchy book o' fun / (Record no. 5615)

MARC details
000 -LEADER
fixed length control field 01005nam a22002537a 4500
001 - CONTROL NUMBER
control field 5615
003 - CONTROL NUMBER IDENTIFIER
control field FISKH
005 - DATE AND TIME OF LATEST TRANSACTION
control field 20241220111918.0
008 - FIXED-LENGTH DATA ELEMENTS--GENERAL INFORMATION
fixed length control field 241220b cb ||||| |||| 00| 0 eng d
020 ## - INTERNATIONAL STANDARD BOOK NUMBER
International Standard Book Number 9780439993449
040 ## - CATALOGING SOURCE
Original cataloging agency FISKH
Language of cataloging eng
Transcribing agency FISKH
Modifying agency FISKH
050 ## - LIBRARY OF CONGRESS CALL NUMBER
Classification number PN6371.5
082 ## - DEWEY DECIMAL CLASSIFICATION NUMBER
Classification number 793.73
100 ## - MAIN ENTRY--PERSONAL NAME
Personal name Pilkey, Dav
245 ## - TITLE STATEMENT
Title The captain underpants extra-crunchy book o' fun /
Statement of responsibility, etc. By Dav Pilkey
260 ## - PUBLICATION, DISTRIBUTION, ETC.
Place of publication, distribution, etc. New York :
Name of publisher, distributor, etc. Scholastic ;
Date of publication, distribution, etc. 2001.
300 ## - PHYSICAL DESCRIPTION
Extent 96 pages :
Other physical details illustrations ;
Dimensions 20 cm .
490 ## - SERIES STATEMENT
Series statement Captain Underpants
Volume/sequential designation Book O'Fun 1
520 ## - SUMMARY, ETC.
Summary, etc. George and Harold are back for more fun and games with their wedgie-powered superhero, Captain Underpants! Join George and Harold as they play pranks on Mr. Krupp and get caught in some very puzzling situations. They will also show you how to make your own comic books using the technique of flip-o-rama.
650 ## - SUBJECT ADDED ENTRY--TOPICAL TERM
Topical term or geographic name entry element Captain Underpants
Form subdivision Fiction
650 ## - SUBJECT ADDED ENTRY--TOPICAL TERM
Topical term or geographic name entry element superheroes
Form subdivision Fiction
942 ## - ADDED ENTRY ELEMENTS (KOHA)
Source of classification or shelving scheme Dewey Decimal Classification
Koha item type Books
Suppress in OPAC No
Holdings
Withdrawn status Lost status Source of classification or shelving scheme Damaged status Not for loan Collection Home library Current library Shelving location Date acquired Total Checkouts Full call number Barcode Date last seen Date last checked out Price effective from Koha item type
    Dewey Decimal Classification     Fiction Footprints International School Library Network Toul Tom Poung Campus Footprints International School Library Network Toul Tom Poung Campus TTP Comic Books all Levels 12/20/2024 2 PIL 793.73 PN6371.5 FIS00658 02/05/2026 02/05/2026 12/20/2024 Books